ბათუმის შოთა რუსთაველის სახელმწიფო უნივერსიტეტის ბიბლიოთეკა

რჩეული (ბიბ.ჩანაწერი № 47759)

000 -LEADER
fixed length control field 00566nam a2200205Ia 4500
001 - CONTROL NUMBER
control field 14631
003 - CONTROL NUMBER IDENTIFIER
control field GE_BSU
008 - FIXED-LENGTH DATA ELEMENTS--GENERAL INFORMATION
fixed length control field 181216s||||||||xx |||||||||||||| ||und||
040 ## - CATALOGING SOURCE
Transcribing agency GE_BSU
080 ## - UNIVERSAL DECIMAL CLASSIFICATION NUMBER
Universal Decimal Classification number 821.353.1+821.353.1-32
100 ## - MAIN ENTRY--PERSONAL NAME
Personal name ქიაჩელი,ლეო
245 ## - TITLE STATEMENT
Title რჩეული
245 ## - TITLE STATEMENT
Statement of responsibility, etc. რედ.ირაკლი აბაშიძე
260 ## - PUBLICATION, DISTRIBUTION, ETC.
Place of publication, distribution, etc. თბილისი
260 ## - PUBLICATION, DISTRIBUTION, ETC.
Name of publisher, distributor, etc. საბჭოთა მწერალი
260 ## - PUBLICATION, DISTRIBUTION, ETC.
Date of publication, distribution, etc. 1956
300 ## - PHYSICAL DESCRIPTION
Extent 685გვ.21სმ.
653 ## - INDEX TERM--UNCONTROLLED
Uncontrolled term რჩეული
942 ## - ADDED ENTRY ELEMENTS (KOHA)
Koha item type წიგნი
ეგზემპლარები
Withdrawn status Lost status Damaged status Not for loan Date acquired Barcode Date last seen Price effective from Koha item type
        2018-12-17 37716 2018-12-17 2018-12-17 წიგნი
        2018-12-17 37717 2018-12-17 2018-12-17 წიგნი
        2018-12-17 37718 2018-12-17 2018-12-17 წიგნი
        2018-12-17 37719 2018-12-17 2018-12-17 წიგნი
        2018-12-17 37720 2018-12-17 2018-12-17 წიგნი
        2018-12-17 37721 2018-12-17 2018-12-17 წიგნი
        2018-12-17 37722 2018-12-17 2018-12-17 წიგნი